Двухканальный прибор наблюдения; "Орбита молодёжи" и перспективы развития российской космонавтики

গ্রন্থ-পঞ্জীর বিবরন
Parent link:"Орбита молодёжи" и перспективы развития российской космонавтики.— 2017.— [С. 17-18]
প্রধান লেখক: Голицын А. А.
অন্যান্য লেখক: Дмитриев А. К. (научный руководитель)
সংক্ষিপ্ত:Заглавие с экрана
ভাষা:রুশ
প্রকাশিত: 2017
মালা:Космические исследования и использование результатов космической деятельности
বিষয়গুলি:
অনলাইন ব্যবহার করুন:http://earchive.tpu.ru/handle/11683/44771
বিন্যাস: MixedMaterials বৈদ্যুতিক গ্রন্থের অধ্যায়
KOHA link:https://koha.lib.tpu.ru/cgi-bin/koha/opac-detail.pl?biblionumber=624640

MARC

LEADER 00000naa2a2200000 4500
001 624640
005 20231101133325.0
035 |a (RuTPU)RU\TPU\conf\23900 
090 |a 624640 
100 |a 20171127d2017 k y0rusy50 ca 
101 0 |a rus 
102 |a RU 
105 |a y z 101zy 
135 |a drgn ---uucaa 
181 0 |a i  
182 0 |a b 
200 1 |a Двухканальный прибор наблюдения  |f А. А. Голицын  |g науч. рук. А. К. Дмитриев 
203 |a Текст  |c электронный 
225 1 |a Космические исследования и использование результатов космической деятельности 
230 |a 1 компьютерный файл (pdf; 194 Кб) 
300 |a Заглавие с экрана 
320 |a [Библиогр.: с. 18 (5 назв.)] 
463 0 |0 (RuTPU)RU\TPU\conf\23829  |t "Орбита молодёжи" и перспективы развития российской космонавтики  |o сборник докладов Всероссийской молодёжной научно-практической конференции, г. Томск, 18-22 сентября 2017 г.  |f Российская Федерация, Федеральное космическое агентство (Роскосмос) ; Национальный исследовательский Томский политехнический университет (ТПУ) ; Российская академия наук (РАН), Сибирское отделение (СО), Институт физики прочности и материаловедения (ИФПМ) ; Полюс  |v [С. 17-18]  |d 2017 
610 1 |a электронный ресурс 
610 1 |a приборы наблюдения 
610 1 |a поисковые операции 
610 1 |a спасательные работы 
610 1 |a охранная деятельность 
610 1 |a охранные системы 
700 1 |a Голицын  |b А. А. 
702 1 |a Дмитриев  |b А. К.  |4 727 
801 2 |a RU  |b 63413507  |c 20171208  |g RCR 
856 4 |u http://earchive.tpu.ru/handle/11683/44771 
942 |c BK